| 000 | 00886nac a22002777a 4500 | ||
|---|---|---|---|
| 001 | BR9700794 | ||
| 003 | BR-BrBNA | ||
| 005 | 20240105121847.0 | ||
| 008 | 230509b bl.|||m| |||| 00| 0 por d | ||
| 040 |
_aBR-BrBNA _bpor _cBiblioteca Nacional de Agricultura |
||
| 072 | _aF01; F02 | ||
| 090 | _a1000 BR9700794 | ||
| 100 | 1 | _aRibeiro, S.I. | |
| 110 | 1 |
_aUnidade de Execucao de Pesquisa de Ambito Estadual de Belem, PA (Brasil) _910340 |
|
| 245 | 1 | _aCitros - formacao de mudas | |
| 260 | 3 |
_aBelem, PA (Brasil): _c1989. |
|
| 300 | _a7 p. | ||
| 490 |
_aRecomendacaes Basicas - Unidade de Execucao de Pesquisa de Ambito Estadual de Belem (Brazil) _vno. 10 _xISSN 0102-8669 |
||
| 650 | _aFruta Citrica | ||
| 650 | _aMuda | ||
| 650 | _aPratica Cultural | ||
| 650 | _aSemeadura | ||
| 650 | _aAdubacao | ||
| 909 |
_a202312 _bLúcia Elande _c55 _dLúcia Elande |
||
| 942 |
_2AGRIS _n0 _cMS |
||
| 999 |
_c287887 _d287887 |
||